000 00889nam0a22002651 4500
001 RU\NLR\A1SV\126454
005 20260422154604.0
035 _a(NLR Aleph) 010447089
090 _a9912523
_c9912523
100 _a20140512d1924 u y0rusy50 ca
101 0 _arus
102 _aRU
200 1 _aУпрямый Емеля
_eАгро-сказка
210 _aМ.
_cНовая деревня
_d1924
215 _a12 с.
_cил.
_d21 см
225 _aБ-ка по агропропаганде
_fПод общ. ред. Г.И.Лебедева
620 _dМосква
702 1 _7ca
_8rus
_aЛебедев
_bГ. И.
_cавтор мемуаров
_cжурналист
_f1886-1975
_gГеоргий Иванович
_92701677
_3RU\NLR\AUTH\770291318
801 0 _aRU
_bNLR
_c20140512
852 _aNLR
_j35.62.6.121
899 _aРГБ
942 _cBOOK
980 _aA1SV
980 _aNB